Armed struggle for freedom: nintey years war of Indian independence,1857 to Subhash (Record no. 367385)

000 -LEADER
fixed length control field 00429cam a22001337a 4500
008 - FIXED-LENGTH DATA ELEMENTS--GENERAL INFORMATION
fixed length control field 180718b1958 xxu||||| |||| 00| 0 eng d
082 ## - DEWEY DECIMAL CLASSIFICATION NUMBER
Classification number A6x5407 H216
100 ## - MAIN ENTRY--PERSONAL NAME
Personal name Hardas, Balshatri
245 ## - TITLE STATEMENT
Title Armed struggle for freedom: nintey years war of Indian independence,1857 to Subhash
Statement of responsibility, etc. by Balshastri Hardas
260 ## - PUBLICATION, DISTRIBUTION, ETC.
Place of publication, distribution, etc. Poona
Name of publisher, distributor, etc. Kal
Date of publication, distribution, etc. 1958
300 ## - PHYSICAL DESCRIPTION
Extent 469p.
650 ## - SUBJECT ADDED ENTRY--TOPICAL TERM
Topical term or geographic name entry element Nationalism - India
650 ## - SUBJECT ADDED ENTRY--TOPICAL TERM
Topical term or geographic name entry element India - History - 1858-1947
Holdings
Withdrawn status Lost status Damaged status Not for loan Permanent Location Current Location Date acquired Full call number Barcode Date last seen Price effective from Koha item type
        Indian Institute of Public Administration Indian Institute of Public Administration 1994-05-12 A6x5407 H216 11897 2018-07-21 2018-07-21 Book

Powered by Koha